00421nam a2200181Ia 4500003000400000005001700004008004100021020001800062040000700080041000800087082001300095100002900108245002300137250000700160260004300167300001600210365001300226OSt20230412110310.0210423s2010 xx 000 0 und d a9788131728192 cAL aeng a302 BARR aBARON (Robert A);others. aSocial psychology. a12 aDelhibPearson Education Pvt Ltdc2010 axxi,520bPB b475cINR